000 00991nam a2200265 i 4500
003 OSt
005 20200607162923.0
008 200607s2013 nyu c 000 1 eng d
020 _a9781250062895
_cRM24.80
_qpaperback
040 _aPPAK
_beng
_cPPAK
_erda
082 0 4 _223
_a813.6
090 0 0 _a813.6
_bFRO
_dG
100 1 _aFrost, Helen,
_d1949-
_eauthor.
245 1 0 _aSALT :
_bA Story of Friendship in a Time of War /
_cHELEN FROST
264 1 _aNew York :
_bFrances Foster Books,
_c2013
300 _a128 pages :
_c19 cm
336 _2rdacontent
_atext
337 _2rdamedia
_aunmediated
338 _2rdacarrier
_avolume
520 _aTwelve-year-olds Anikwa, of the Miami village of Kekionga, and James, of the trading post outside Fort Wayne, find their friendship threatened by the rising fear and tension brought by the War of 1812.
650 1 0 _aNovels in verse
650 2 0 _aFrontier and pioneer life
_vFiction
_zIndiana
650 2 0 _aFriendship
_vFiction
942 _2ddc
_cB
999 _c177509
_d177509